|
|
|
|
| LEADER |
01917nam a22004574a 4500 |
| 001 |
EBC353181 |
| 003 |
MiAaPQ |
| 005 |
20200520144314.0 |
| 006 |
m o d | |
| 007 |
cr cn||||||||| |
| 008 |
080325s2008 nyua sb 001 0 eng |
| 010 |
|
|
|z 2008925636
|
| 020 |
|
|
|z 9780387784328 (hardcover : alk. paper)
|
| 020 |
|
|
|z 9780387784342 (softcover : alk. paper)
|
| 035 |
|
|
|a (MiAaPQ)EBC353181
|
| 035 |
|
|
|a (Au-PeEL)EBL353181
|
| 035 |
|
|
|a (CaPaEBR)ebr10255091
|
| 035 |
|
|
|a (CaONFJC)MIL172814
|
| 035 |
|
|
|a (OCoLC)310405546
|
| 040 |
|
|
|a MiAaPQ
|c MiAaPQ
|d MiAaPQ
|
| 043 |
|
|
|a nc-----
|a n-mx---
|
| 050 |
|
4 |
|a HF1414
|b .C6614 2008
|
| 245 |
0 |
0 |
|a Competition policies in emerging economies
|h [electronic resource] :
|b lessons and challenges from Central America and Mexico /
|c Claudia Schatan, Eugenio Rivera, editors.
|
| 250 |
|
|
|a 1st ed.
|
| 260 |
|
|
|a New York :
|b Springer,
|c c2008.
|
| 300 |
|
|
|a xii, 238 p. :
|b ill.
|
| 504 |
|
|
|a Includes bibliographical references and index.
|
| 533 |
|
|
|a Electronic reproduction. Ann Arbor, MI : ProQuest, 2015. Available via World Wide Web. Access may be limited to ProQuest affiliated libraries.
|
| 650 |
|
0 |
|a Competition
|x Government policy
|z Central America.
|
| 650 |
|
0 |
|a Telecommunication policy
|z Central America.
|
| 650 |
|
0 |
|a Banks and banking
|x Government policy
|z Central America.
|
| 650 |
|
0 |
|a Competition
|x Government policy
|z Mexico.
|
| 650 |
|
0 |
|a Telecommunication policy
|z Mexico.
|
| 650 |
|
0 |
|a Banks and banking
|x Government policy
|z Mexico.
|
| 655 |
|
4 |
|a Electronic books.
|
| 700 |
1 |
|
|a Schatan, Claudia.
|
| 700 |
1 |
|
|a Rivera, Eugenio
|q (Rivera Urrutia)
|
| 710 |
2 |
|
|a International Development Research Centre (Canada)
|
| 710 |
2 |
|
|a United Nations.
|b Economic Commission for Latin America and the Caribbean.
|
| 710 |
2 |
|
|a ProQuest (Firm)
|
| 856 |
4 |
0 |
|u https://ebookcentral.proquest.com/lib/matrademy/detail.action?docID=353181
|z Click to View
|